LEADER 00652naa a2200145 i 4500 001 000000296806 003 CaOOAMICUS 005 20180831172552.0 008 180831n xx u000 u und u 013 $a4290 040 $aSeMil$bita 100 1 $aVergottini, Marco,$d <1956- >.$0(OLS)http://semarc/name/3901 245 12$aL'attenzione ai destinatari :$bspunti di prassi catecumenale. 773 0 $aMartini, Carlo Maria $tComunicare la fede.$dMilano : Àncora, copyr. 1992.$kStrumenti per il lavoro pastorale$z8876103988$w()53602 996 $6245$aL'attenzione ai destinatari :$bspunti di prassi catecumenale$9(OLS)http://semarc/title/372855 LEADER 01251nam a2200277 4500 001 000000345300 003 CaOOAMICUS 005 20210409140723.0 008 210409s2013 it 000 u ita r 020 $a978-88-89667-42-2 040 $aSeMil$bita 100 1 $aTenace, Michelina.$0(OLS)http://semarc/name/35319 245 10$aCristiani si diventa :$bdogma e vita nei primi tre concili /$cMichelina Tenace. 264 1$aRoma :$bLipa,$c2013. 300 $a263 p. ;$c21 cm 490 1 $aPubblicazioni del Centro Aletti 650 4$aDogma - Storia - Origini.$0(OLS)http://semarc/subject/9098 650 4$aChiesa primitiva e delle origini - Dogma.$0(OLS)http://semarc/subject/50246 650 4$aPadri della Chiesa - Dogma.$0(OLS)http://semarc/subject/50247 830 0$aPubblicazioni del Centro Aletti.$0(OLS)http://semarc/title/9229 850 $aSeMil 852 $aSeMil$W1$xVenegono$y1$m2T II 7$j225334$B236392$CSeMilBibl$Z2$F236392 $81 996 $6020$a978-88-89667-42-2$9(OLS)http://semarc/number/292852 996 $6245$aCristiani si diventa :$bdogma e vita nei primi tre concili$9(OLS)http://semarc/title/434432 996 $6264$aRoma :$bLipa$9(OLS)http://semarc/publisher/31573